Bocca di Rosa, Fabrizio De André - Testo Completo - Statistics

Statistiche generali
  • Questo quiz è stato fatto 59 volte
  • Il punteggio medio è 354 su 445
Statistiche sulle risposte
Testo % Corretto
A
100%
a
100%
Bocca
100%
bocca
100%
C'
100%
c'
100%
d'
100%
di
100%
Di
100%
è
100%
E
100%
e
100%
i
100%
l'
100%
L'
100%
La
100%
la
100%
Rosa
100%
s'
100%
amor
98%
amore,
98%
amore
98%
chi
98%
Chi
98%
chiamavano
98%
cosa
98%
ogni
98%
sa
95%
Al
93%
al
93%
Metteva
93%
metteva
93%
all'
90%
le
90%
Le
90%
per
90%
sopra
90%
stazione
90%
alla
88%
Alla
88%
altro
88%
con
88%
Con
88%
da
88%
88%
dal
88%
Dal
88%
Del
88%
fa
88%
faceva
88%
il
88%
"Il
88%
Il
88%
Ma
88%
88%
ne
88%
paesino
88%
passione
88%
si
88%
Si
88%
un
88%
un'
88%
uno
88%
Ilario
85%
in
85%
Lei
85%
lo
85%
Sant'
85%
se
85%
Se
85%
Tutti
85%
tutti:
85%
tutti
85%
accorsero
83%
missionario
83%
moglie
83%
non
83%
Non
83%
proprie
83%
soddisfare
83%
trattava
83%
voglie
83%
Che
80%
che
80%
conduce
80%
spesso
80%
Spesso
80%
aveva
78%
era
78%
noia
78%
po'
78%
professione
78%
cagnette
75%
certo
75%
cui
75%
delle
75%
giorno
75%
libero
75%
nel
75%
osso
75%
sceglie
75%
sguardo
75%
sottratto
75%
te
75%
Appena
73%
armi
73%
buoni
73%
come
73%
Come
73%
consigli
73%
erano
73%
fu
73%
funesta
73%
gente
73%
Ha
73%
ha
73%
invettiva
73%
ira
73%
oppure
73%
paese
73%
pennacchi,
73%
pennacchi
73%
più
73%
Più
73%
profano
73%
Senza
73%
senza
73%
una
73%
addosso
70%
cattivo
70%
comari
70%
così
70%
Così
70%
cuore
70%
esempio
70%
gendarmi
70%
Gesù
70%
prima
70%
primavera"
70%
quando
70%
sacro
70%
Tempio
70%
tirò
70%
brillano
68%
cappello
68%
dare
68%
disse
68%
giusto
68%
gli
68%
mano
68%
occhi
68%
primo
68%
può
68%
quel
68%
sacrestano
68%
Sentendosi
68%
successiva
68%
accompagnarono
65%
concupito
65%
consiglio
65%
Costituito"
65%
"Dall'
65%
dall'
65%
due
65%
già
65%
mai
65%
Ordine
65%
parole
65%
parte
65%
"Quella
65%
salutare
65%
sarà
65%
stata
65%
tutte
65%
"Addio
63%
alcun
63%
alimentare"
63%
apostrofò
63%
argute
63%
arrivarono
63%
bisogno
63%
briga
63%
carabinieri
63%
commissario
63%
consorzio
63%
Diceva:
63%
figli,
63%
Fra
63%
giallo
63%
gusto
63%
iniziativa
63%
limitavano
63%
meno
63%
nera
63%
notizia
63%
ore
63%
parafrasare:
63%
parroco
63%
partiva
63%
poco
63%
Portò
63%
prenota
63%
prese
63%
pretese,
63%
pretese
63%
punito",
63%
scesa
63%
scritta
63%
treno
63%
Unzione
63%
vengono
63%
alta
60%
cartello
60%
clienti
60%
dovere
60%
Estrema
60%
fila
60%
fino
60%
furto
60%
giornale
60%
Molta
60%
porta
60%
processione
60%
punto
60%
quattro
60%
sbirri
60%
troppi
60%
uniforme
60%
vecchia
60%
veloce
60%
accanto
58%
contromisure
58%
della
58%
freccia
58%
indagare
58%
lontano
58%
Miserere
58%
proprio
58%
scocca
58%
sono
58%
Vola
58%
arco
55%
bellezza
55%
bene
55%
dissero
55%
effimero
55%
fiore
55%
originale
55%
schifosa
55%
spasso
55%
Vergine
55%
alle
53%
bacio,
53%
cornute
53%
Ed
53%
rossi
53%
vuole
53%
manda
50%
rivolgendosi
50%
andarono
48%
disprezza
48%
getta
48%
Persino
48%
quelle
43%
Nessun quiz corrispondente trovato
Distribuzione punteggi
Percentuale di utenti per punteggio
Percentile per numero di risposta
I tuoi punteggi nel tempo
Non hai fatto questo quiz